000 01720cam a22003977a 4500
999 _c21213
_d21213
001 13050180
005 20170121100430.0
008 030107s2002 nyua bc 000 0 eng
010 _a 2002727195
015 _aGBA3-Z8806
020 _a0300098766 (Yale University Press)
020 _a1588390268 (Metropolitan Museum of Art)
035 _a(OCoLC)ocm51234842
040 _aUKM
_cUKM
_dDLC
042 _alccopycat
043 _an-us-ny
050 0 0 _aNK6601
_b.N4M47 2002
100 1 _aPyhrr, Stuart W.
245 1 0 _aArms and armor :
_bnotable acquisitions, 1991-2002 /
_cStuart W. Pyhrr, Donald J. LaRocca, and Morihiro Ogawa.
260 _aNew York :
_bMetropolitan Museum of Art ;
_aNew Haven :
_bYale University Press,
_cc2002.
300 _a63 p. :
_bill. (some col.) ;
_c28 cm.
500 _aPublished in conjunction with an exhibition held at the Metropolitan Museum of Art, Sept. 4, 2002-June 29, 2003.
504 _aIncludes bibliographical references (p. 32).
610 2 0 _aMetropolitan Museum of Art (New York, N.Y.)
_vExhibitions.
650 0 _aArmor
_vExhibitions.
650 0 _aWeapons
_vExhibitions.
650 0 _aArmor
_zNew York (State)
_zNew York
_vExhibitions.
650 0 _aWeapons
_zNew York (State)
_zNew York
_vExhibitions.
700 1 _aLaRocca, Donald J.
700 1 _aOgawa, Morihiro,
_d1946-
710 2 _aMetropolitan Museum of Art (New York, N.Y.)
942 _2lcc
_cBOOKS
_hNK6601 .N4M47 2002